Rivers on the World Map - Unfinished - Statistics

General Stats
  • This quiz has been taken 158 times
  • The average score is 57 of 449
Answers on the Map
Answers color-coded by a green-red scale on the quiz's map according to % correct below.
 
Answer Stats
% Correct
Nile
93%
Danube
88%
Mississippi
87%
Congo
83%
Missouri
79%
Rhin
79%
Volga
78%
Gan
77%
Niger
77%
Yangtze
77%
Ganges
76%
Rio Grande
76%
Mekong
75%
Po
71%
Indus
69%
Za
69%
Colorado
68%
Euphrates
67%
Seine
67%
Tigris
67%
Ob
66%
Thames
66%
Zambezi
62%
Ohio
60%
Elbe
59%
Yukon
58%
Amur
57%
Loire
57%
Lena
53%
Hudson
51%
Mackenzie
51%
St. Lawrence
50%
Murray
49%
Ebro
47%
Arkansas
46%
Orange
46%
Don
45%
Brahmaputra
44%
Rhine
44%
Columbia
42%
Vistula
41%
Orinoco
39%
Ural
39%
Snake
38%
Tennessee
33%
Oder
32%
Amazonas
30%
Darling
30%
Potomac
29%
Dniester
28%
Huang
26%
Syr Darya
25%
Amu Darya
24%
Garonne
24%
Volta
24%
Jordan
22%
Limpopo
22%
Uruguay
22%
Tocantins
19%
Fraser
18%
Neva
18%
Okavango
18%
Alabama
17%
Madeira
16%
Saskatchewan
16%
Yenisey
16%
Irtysh
15%
Negro
15%
Brazos
14%
Nelson
14%
Salween
14%
Ubangi
14%
Dnipro
13%
Xi
13%
Drava
12%
Ottawa
12%
Sacramento
12%
Savannah
12%
Daugava
10%
Han
10%
Tajo
10%
Xingu
10%
Athabasca
8%
Churchill
8%
Donau
8%
Gila
8%
Glomma
8%
Grande
8%
Jubba
8%
Kama
8%
Kolyma
8%
Lower Tunguska
8%
Magdalena
8%
Peace
8%
Vaal
8%
Yamuna
8%
Araguaia
7%
Duero
7%
Kasai
7%
Krishna
7%
Pechora
7%
Tisza
7%
Ucayali
7%
Benue
6%
Rhein
6%
Severnaya Dvina
6%
Tejo
6%
Aldan
5%
Angara
5%
Min
5%
North Saskatchewan
5%
Shatt al Arab
5%
Slave
5%
South Saskatchewan
5%
Albany
4%
Allegheny
4%
Ayeyarwady
4%
Chang Jiang
4%
Chattahoochee
4%
Indigirka
4%
Narmada
4%
Pilcomayo
4%
San Joaquin
4%
Songhua
4%
Tarim
4%
Uele
4%
Vilyuy
4%
Wabash
4%
Willamette
4%
Winnipeg
4%
Chari
3%
Chenab
3%
Helmand
3%
Kagera
3%
Kamchatka
3%
Klamath
3%
Niagara
3%
Nu
3%
San Juan
3%
Suez Canal
3%
Sutlej
3%
Waikato
3%
Copper
2%
Cubango
2%
Finlay
2%
Kem
2%
Kemijoki
2%
Koyukuk
2%
Liao
2%
Madre de Dios
2%
Naryn
2%
Panama Canal
2%
Panj
2%
Rainy
2%
Rupert
2%
Shire
2%
Tanana
2%
Tobol
2%
Yuan
2%
Abay
1%
Albert Nile
1%
Al Furat
1%
Atbara
1%
Back
1%
Bafing
1%
Bahr el Jebel
1%
Bahr el Zeraf
1%
Bamingui
1%
Barito
1%
Barwon
1%
Biya
1%
Borcea
1%
Braco Menor
1%
Branco
1%
Bratul Chillia
1%
Bratul Sulina
1%
Chixoy
1%
Coco
1%
Coppermine
1%
El Bahr el Azraq
1%
Ertis
1%
Firat
1%
Fitzroy
1%
Heilong Jiang
1%
Jinsha
1%
Juruena
1%
Kafue
1%
Khatanga
1%
Kuskokwim
1%
Kwango
1%
Lancang
1%
Liard
1%
Lom
1%
Lualaba
1%
Madison
1%
Mouhoun
1%
Nederrijn
1%
Ord
1%
Paraiba
1%
Pit
1%
R. des Outaouais
1%
Ruvuma
1%
Saint John
1%
Salado
1%
Sassandra
1%
Semliki
1%
Shishhid Gol
1%
Skeena
1%
Stikine
1%
Sukhona
1%
Susitna
1%
Teslin
1%
Thelon
1%
Tugaloo
1%
Verkhniy Yenisey
1%
Victoria Nile
1%
Vorma
1%
Vuoksi
1%
Waal
1%
Waitaki
1%
Yarlung
1%
Anadyr’
0%
Argun’
0%
Ariège
0%
Bénoué
0%
Bío-Bío
0%
Bratul Sfintu Gheorghe
0%
Busira
0%
Bykovskaya Protoka
0%
Caquetá
0%
Chattooga
0%
Chubut
0%
Chulyshman
0%
Culuene
0%
Dadu
0%
Dalälven
0%
Daly
0%
Damietta Branch
0%
Desaguadero
0%
Dicle
0%
Digul
0%
Dihang
0%
Dnepre
0%
Double Mountain Fork Brazos
0%
El Bahr el Abyad
0%
Ertix
0%
Ferenc Csatorna
0%
Göta älv
0%
Genala
0%
Gharraf Canal
0%
Godävari
0%
Great Pee Dee
0%
Guaporé
0%
Hailar
0%
Holston
0%
Hong
0%
Hongshui
0%
Ideriyn
0%
Indaiá
0%
Indragi
0%
Irrawaddy Delta
0%
Ishikari
0%
Ismailiya Canal
0%
Japurá
0%
Jequitinhonha
0%
Kadéï
0%
Kapuas
0%
Katherine
0%
Kayan
0%
Kheta
0%
Kibali
0%
Kokemäenjoki
0%
Konqi
0%
Koukourou
0%
Kyzyl-Khem
0%
La Grande Rivière
0%
Lek
0%
Mahäna Nadï
0%
Malyy Yenisey
0%
Mamberamo
0%
Mamoré
0%
Mananantanana
0%
Mangoky
0%
Maquan
0%
Marañón
0%
Mendoza
0%
Meta
0%
Mitchell
0%
Nakanbé
0%
Nanpan
0%
Neuquén
0%
N. Fork Kuskokwim
0%
Nmai
0%
Olenëk
0%
Olenekskaya Protoka
0%
Omo
0%
Ouham
0%
Pamir
0%
Pánuco
0%
Paraná
0%
Paranaíba
0%
Pend Oreille
0%
Porcupine
0%
Purari
0%
Purús
0%
Quan
0%
Río Grande de Santiago
0%
Rhône
0%
Rosetta Branch
0%
Ruki
0%
Sanaga
0%
Sénégal
0%
Sangha
0%
Santa Cruz
0%
São Francisco
0%
S. Branch Potomac
0%
Selenge (Selenga)
0%
Setit
0%
Shiquan
0%
Soroksari Duna
0%
Sprague
0%
St. Clair
0%
Svir’
0%
Tapajós
0%
Taritatu
0%
Taz
0%
Tisa
0%
Tom’
0%
Tongtian
0%
Trofimovskaya Protoka
0%
Tshuapa
0%
Tumatskaya Protoka
0%
Tuotuo
0%
Usumacinta
0%
Verde
0%
Vychegda
0%
Weir
0%
Xar Moron
0%
Xiliao
0%
Xun
0%
Yadkin
0%
Yarkant
0%
No matching quizzes found
Score Distribution
Percent of People with Each Score
Percentile by Number Answered
Your Score History
You have not taken this quiz